000 00475nab a2200145Ia 4500
003 ES-SlBCS
005 20210601134702.0
008 140529s1994 xxu||||| |||| 00| 0 spa d
041 _aspa
100 1 _aGabucio, Fernando
_9221611
245 0 0 _aEl desarrollo de la enseñanza (1969-1993): planes de estudio, profesorado y alumnado
_c Fernando Gabucio
650 0 4 _aPsicología
_944875
773 0 _tAnuario de Psicologia
_gnº. 63, 1994, págs. 109-166
_wRev1509
942 _cAR
999 _c616393
_d616393